[Event "zonal 3.3 (women)"]
[Site "Beijing CHN"]
[Date "2005.10.20"]
[Round "1"]
[White "Gong Qianyun"]
[Black "Qin Kanying"]
[Result "1/2-1/2"]
[WhiteElo "2374"]
[BlackElo "2472"]
[EventDate "2005.10.20"]
[PlyCount "71"]

1.e4 e5 2.Nf3 Nc6 3.Bc4 Bc5 4.c3 Nf6 5.d3 a6 6.h3 Ba7 7.Bb3 O-O 8.Bg5 d6 
9.Nbd2 Be6 10.Qe2 Na5 11.Bc2 c5 12.O-O Nc6 13.Rfd1 h6 14.Bh4 Kh8 15.Nc4 g5
16.Bg3 Nh5 17.Nh2 Nf4 18.Bxf4 gxf4 19.Qh5 Kg7 20.Ng4 Rh8 21.Bb3 Qe7 22.Nh2
Rad8 23.Nf3 Qf6 24.g4 Qg6 25.Qxg6+ fxg6 26.Na5 Bc8 27.Nxc6 bxc6 28.d4 cxd4
29.cxd4 Kf6 30.Rac1 c5 31.d5 g5 32.Nh2 h5 33.Kg2 hxg4 34.Nxg4+ Kg6 35.f3 
Bd7 36.Bc4 1/2-1/2

[Event "zonal 3.3 (women)"]
[Site "Beijing CHN"]
[Date "2005.10.21"]
[Round "2"]
[White "Qin Kanying"]
[Black "Shen Yang"]
[Result "1/2-1/2"]
[WhiteElo "2472"]
[BlackElo "2326"]
[EventDate "2005.10.20"]
[PlyCount "47"]

1.e4 e6 2.d4 d5 3.Nc3 Nf6 4.Bg5 dxe4 5.Nxe4 Nbd7 6.Nf3 h6 7.Nxf6+ Nxf6 8.
Bxf6 Qxf6 9.Bd3 a6 10.Qe2 c5 11.d5 c4 12.Bxc4 Bb4+ 13.Nd2 Qxb2 14.O-O Qxc2
15.dxe6 Bxe6 16.Bxe6 Qxd2 17.Bd7+ Kf8 18.Qe4 Qxd7 19.Qxb4+ Kg8 20.Rfe1 Qb5
21.Qe4 f5 22.Qe6+ Kh7 23.Re5 Qd3 24.Qxf5+ 1/2-1/2

[Event "zonal 3.3 (women)"]
[Site "Beijing CHN"]
[Date "2005.10.21"]
[Round "2"]
[White "Ruan Lufei"]
[Black "Gong Qianyun"]
[Result "1/2-1/2"]
[WhiteElo "2345"]
[BlackElo "2374"]
[EventDate "2005.10.20"]
[PlyCount "75"]

1.e4 e6 2.d4 d5 3.Nc3 Bb4 4.e5 c5 5.a3 Bxc3+ 6.bxc3 Ne7 7.Qg4 Qc7 8.Qxg7 
Rg8 9.Qxh7 cxd4 10.Ne2 Nbc6 11.f4 Bd7 12.Qd3 dxc3 13.Rb1 O-O-O 14.Nxc3 Na5
15.h3 a6 16.g4 Ng6 17.h4 Bc6 18.Qd4 Nc4 19.Be2 Qa5 20.h5 Ne7 21.Rh3 Kb8 
22.Kf1 Be8 23.h6 Nc6 24.Qf2 Rh8 25.Bxc4 dxc4 26.Be3 Qxc3 27.Ba7+ Nxa7 28.
Rxc3 Rxh6 29.Qb6 Rd7 30.Rg3 Nb5 31.Qe3 Rh1+ 32.Rg1 Rh2 33.a4 Nd4 34.Qe4 
Nxc2 35.Rg2 Rh1+ 36.Rg1 Rh2 37.Rg2 Rh1+ 38.Rg1 1/2-1/2

[Event "zonal 3.3 (women)"]
[Site "Beijing CHN"]
[Date "2005.10.21"]
[Round "2"]
[White "Wang Yu"]
[Black "Li Ruofan"]
[Result "1-0"]
[WhiteElo "2109"]
[BlackElo "2398"]
[EventDate "2005.10.20"]
[PlyCount "73"]

1.e4 c5 2.Nf3 e6 3.d4 cxd4 4.Nxd4 a6 5.Bd3 Bc5 6.Nb3 Ba7 7.O-O Nc6 8.c4 d6
9.Nc3 Nf6 10.Qe2 O-O 11.Be3 Bxe3 12.Qxe3 e5 13.Rad1 Be6 14.Rd2 Rc8 15.Be2 
Na5 16.Nxa5 Qxa5 17.Rxd6 Bxc4 18.Bxc4 Rxc4 19.Rfd1 Qb4 20.Rxf6 gxf6 21.Nd5
Rd4 22.Nxf6+ Kh8 23.Rf1 Qd2 24.Qh3 Kg7 25.Nh5+ Kh6 26.Nf4+ Kg7 27.Qg3+ Kh8
28.Nh5 Qh6 29.Qxe5+ f6 30.Qxd4 Qxh5 31.h3 Qh4 32.Re1 Rg8 33.Re3 Qg5 34.g3 
Re8 35.h4 Qg7 36.Rf3 Re6 37.e5 1-0

[Event "zonal 3.3 (women)"]
[Site "Beijing CHN"]
[Date "2005.10.22"]
[Round "3"]
[White "Gong Qianyun"]
[Black "Wang Yu"]
[Result "1/2-1/2"]
[WhiteElo "2374"]
[BlackElo "2109"]
[EventDate "2005.10.20"]
[PlyCount "80"]

1.e4 e5 2.Bc4 Nf6 3.d3 c6 4.Nf3 d5 5.Bb3 Bd6 6.Nc3 d4 7.Ne2 Na6 8.c3 dxc3 
9.bxc3 Nc5 10.Bc2 Bg4 11.Be3 Qe7 12.Nd2 Rd8 13.f3 Bc8 14.d4 Ne6 15.O-O O-O
16.Qe1 Rfe8 17.Nc4 exd4 18.Nxd6 dxe3 19.Nxe8 Rxe8 20.Nd4 Nf4 21.Qxe3 N6d5 
22.Qd2 Qg5 23.Kh1 Ne3 24.Rf2 Nxc2 25.Qxc2 h5 26.Ne2 Ng6 27.f4 Qc5 28.Raf1 
b6 29.Ng3 h4 30.Nf5 h3 31.g3 Ba6 32.Rd1 Rxe4 33.Qxe4 Qxf2 34.Ne7+ Kh7 35.
Nxg6 fxg6 36.f5 gxf5 37.Qh4+ Kg6 38.Rd6+ Kf7 39.Rd7+ Kg6 40.Rd6+ Kf7 
1/2-1/2

[Event "zonal 3.3 (women)"]
[Site "Beijing CHN"]
[Date "2005.10.22"]
[Round "3"]
[White "Huang Qian"]
[Black "Xu Yuanyuan"]
[Result "1-0"]
[WhiteElo "2398"]
[BlackElo "2420"]
[EventDate "2005.10.20"]
[PlyCount "69"]

1.d4 d5 2.Nf3 Nf6 3.c4 e6 4.Nc3 dxc4 5.e4 Bb4 6.Bg5 c5 7.Bxc4 cxd4 8.Nxd4 
Qa5 9.Bd2 Qc5 10.Bb5+ Bd7 11.Nb3 Qe5 12.Bd3 Na6 13.Qe2 Nc5 14.Nxc5 Bxc5 
15.f4 Qd4 16.O-O-O O-O 17.Bc2 Bc6 18.Kb1 Qf2 19.Qf3 b5 20.Qh3 e5 21.fxe5 
Bd7 22.Qd3 Bg4 23.exf6 Bxd1 24.Rxd1 g6 25.Qf3 Qh4 26.Nd5 Rad8 27.Bf4 Rfe8 
28.g4 g5 29.Bg3 Qh6 30.Qf5 Qg6 31.Qxg6+ hxg6 32.h4 gxh4 33.Bxh4 Bd6 34.
Ne7+ Kh7 35.Rh1 1-0

[Event "zonal 3.3 (women)"]
[Site "Beijing CHN"]
[Date "2005.10.22"]
[Round "3"]
[White "Shen Yang"]
[Black "Ruan Lufei"]
[Result "1-0"]
[WhiteElo "2326"]
[BlackElo "2345"]
[EventDate "2005.10.20"]
[PlyCount "141"]

1.e4 e5 2.Nf3 Nc6 3.Bb5 Nf6 4.O-O Nxe4 5.d4 Nd6 6.Bxc6 dxc6 7.dxe5 Nf5 8.
Qxd8+ Kxd8 9.Nc3 Ne7 10.h3 h6 11.Be3 Nd5 12.Rad1 Be6 13.Ne4 Bf5 14.Rd4 Ke8
15.Bc1 Rd8 16.Re1 c5 17.Nd6+ cxd6 18.Rxd5 Be6 19.Rd3 Be7 20.exd6 Rxd6 21.
Rde3 Ra6 22.a3 Bf6 23.Ne5 Kd8 24.Rc3 Bxe5 25.Rxe5 Rd6 26.Kh2 b6 27.b4 c4 
28.a4 Kd7 29.a5 Rd5 30.Rxd5+ Bxd5 31.axb6 axb6 32.Be3 Kc6 33.Ra3 Kb5 34.c3
h5 35.Bd4 Rg8 36.Ra7 g6 37.Re7 Kc6 38.Kg3 Ra8 39.Be5 Be6 40.Rc7+ Kd5 41.
Bd4 Rb8 42.Kf4 Kd6 43.Be5+ Kd5 44.h4 Rc8 45.Ra7 Re8 46.f3 b5 47.Ra6 Rd8 
48.Rb6 Rd7 49.Bd4 Rd8 50.Rxb5+ Kc6 51.Ra5 Re8 52.b5+ Kd5 53.b6+ Kc6 54.
Rc5+ Kd6 55.Rc7 Bd5 56.Bc5+ Ke6 57.g4 hxg4 58.fxg4 Bh1 59.Bd4 Bd5 60.g5 
Rb8 61.Bc5 Rb7 62.Rc8 Kd7 63.Rf8 Kc6 64.Bd4 Re7 65.Rc8+ Kb7 66.Rc5 Rd7 67.
Ra5 Kc6 68.Ke5 Re7+ 69.Kf6 Re4 70.Rc5+ Kd6 71.Rxd5+ 1-0

[Event "zonal 3.3 (women)"]
[Site "Beijing CHN"]
[Date "2005.10.22"]
[Round "4"]
[White "Huang Qian"]
[Black "Li Ruofan"]
[Result "0-1"]
[WhiteElo "2398"]
[BlackElo "2398"]
[EventDate "2005.10.20"]
[PlyCount "120"]

1.d4 d5 2.Nf3 Nf6 3.c4 dxc4 4.Nc3 a6 5.e4 b5 6.e5 Nd5 7.a4 e6 8.axb5 Nb6 
9.Be2 Be7 10.O-O O-O 11.Be3 axb5 12.Rxa8 Nxa8 13.Nxb5 Nb6 14.Qc2 Ba6 15.
Nc3 Nc6 16.Qe4 Nb4 17.Nd2 Qd7 18.h4 Kh8 19.Rc1 Rb8 20.Nd1 Na2 21.Ra1 Nb4 
22.Qg4 f5 23.exf6 gxf6 24.Qh5 Bb7 25.Bf3 Bxf3 26.Nxf3 Nd3 27.Nd2 Rg8 28.
Qe2 Nd5 29.Nxc4 N3f4 30.Bxf4 Nxf4 31.Qe4 Nxg2 32.Kf1 c5 33.dxc5 Bxc5 34.
Nc3 Qc8 35.Ke2 Qe8 36.Ra5 Bb4 37.Ra7 Qh5+ 38.Kd2 e5 39.Ra8 Bf8 40.Kc2 Nxh4
41.Nd5 Qh6 42.Nce3 Qg5 43.Kb3 Ng6 44.Ka2 Nh4 45.Nc7 Bd6 46.Nb5 Bc5 47.
Rxg8+ Qxg8+ 48.Nd5 Bxf2 49.Nc7 Qf7 50.Ka3 Ng6 51.b4 f5 52.Qc2 Bd4 53.Qc6 
f4 54.Ne6 h6 55.Nd8 Qg8 56.Qd7 Qg7 57.Qe6 Nf8 58.Qf5 Ng6 59.Nf7+ Kg8 60.
Nd6 e4 0-1

[Event "zonal 3.3 (women)"]
[Site "Beijing CHN"]
[Date "2005.10.22"]
[Round "4"]
[White "Wang Yu"]
[Black "Shen Yang"]
[Result "1-0"]
[WhiteElo "2109"]
[BlackElo "2326"]
[EventDate "2005.10.20"]
[PlyCount "63"]

1.e4 e5 2.Nf3 Nc6 3.d4 exd4 4.Nxd4 Bc5 5.Nb3 Bb4+ 6.Bd2 a5 7.a3 Bxd2+ 8.
Qxd2 a4 9.Nd4 Qf6 10.Nb5 Qxb2 11.Qc3 Qxc3+ 12.N1xc3 Kd8 13.Nd5 Nf6 14.
Ndxc7 Ra5 15.f3 Na7 16.O-O-O Ne8 17.Nxe8 Nxb5 18.Nxg7 Nc7 19.Nf5 Rc5 20.g3
Ne6 21.Bh3 b6 22.Rd5 Rc3 23.Rd3 Rxd3 24.cxd3 Nc5 25.Kd2 Ba6 26.d4 Nb3+ 27.
Kc3 Be2 28.Bg2 Kc7 29.e5 Kb8 30.Nd6 f5 31.Re1 Ba6 32.f4 1-0

[Event "zonal 3.3 (women)"]
[Site "Beijing CHN"]
[Date "2005.10.22"]
[Round "4"]
[White "Xu Yuanyuan"]
[Black "Qin Kanying"]
[Result "1/2-1/2"]
[WhiteElo "2420"]
[BlackElo "2472"]
[EventDate "2005.10.20"]
[PlyCount "34"]

1.Nf3 c5 2.c4 Nc6 3.d4 cxd4 4.Nxd4 Nf6 5.g3 Qb6 6.Nb3 e6 7.Bg2 Ne5 8.Qc2 
Bb4+ 9.Bd2 Bxd2+ 10.N1xd2 d5 11.O-O O-O 12.Rac1 Bd7 13.Qc3 Nxc4 14.Nxc4 
dxc4 15.Qxc4 Rac8 16.Qd4 Qxd4 17.Nxd4 e5 1/2-1/2

[Event "zonal 3.3 (women)"]
[Site "Beijing CHN"]
[Date "2005.10.22"]
[Round "4"]
[White "Zhao Xue"]
[Black "Gong Qianyun"]
[Result "1-0"]
[WhiteElo "2478"]
[BlackElo "2374"]
[EventDate "2005.10.20"]
[PlyCount "75"]

1.d4 f5 2.g3 Nf6 3.Bg2 g6 4.Nf3 Bg7 5.b4 d6 6.Bb2 O-O 7.c4 c6 8.Nbd2 Kh8 
9.O-O Be6 10.Qc2 Bg8 11.a4 Nbd7 12.Rfe1 Rc8 13.Rac1 Bh6 14.Rcd1 Bg7 15.Rc1
Bh6 16.e3 Qe8 17.Re2 Bg7 18.Ne1 d5 19.Nd3 Ne4 20.c5 g5 21.f3 Nxd2 22.Qxd2 
Qg6 23.Rce1 Nf6 24.Ne5 Qh5 25.h3 g4 26.hxg4 fxg4 27.f4 Ne4 28.Bxe4 dxe4 
29.Qc2 Bxe5 30.dxe5 Be6 31.Rh2 Qf5 32.Rh6 Kg8 33.Re2 Bf7 34.Rd2 Bg6 35.
Qc4+ Kg7 36.Rhh2 Rcd8 37.e6+ Kg8 38.Qc3 1-0

[Event "zonal 3.3 (women)"]
[Site "Beijing CHN"]
[Date "2005.10.23"]
[Round "5"]
[White "Gong Qianyun"]
[Black "Huang Qian"]
[Result "1-0"]
[WhiteElo "2374"]
[BlackElo "2398"]
[EventDate "2005.10.20"]
[PlyCount "131"]

1.e4 c5 2.Nf3 d6 3.d4 cxd4 4.Nxd4 Nf6 5.Nc3 a6 6.Bc4 e6 7.Bb3 b5 8.Qf3 Qc7
9.Bg5 Be7 10.O-O-O O-O 11.e5 dxe5 12.Ndxb5 Qc6 13.Qxc6 Nxc6 14.Nd6 Rd8 15.
Nc4 Bb7 16.f3 Nd7 17.Bxe7 Nxe7 18.Rhe1 Ng6 19.Ba4 Nc5 20.Rxd8+ Rxd8 21.
Nxe5 Nh4 22.Re2 f6 23.Nc6 Rd6 24.Na5 Nxa4 25.Nxa4 Bc8 26.Nc4 Rc6 27.Na5 
Rc7 28.Nb6 e5 29.Nxc8 Rxc8 30.c4 Kf7 31.Kc2 g5 32.Kc3 h5 33.b4 g4 34.fxg4 
hxg4 35.a4 Nf5 36.Re4 Rh8 37.Rxg4 Rxh2 38.b5 axb5 39.axb5 Nd6 40.Kb4 f5 
41.Rg5 e4 42.Rg3 Kf6 43.c5 f4 44.Rg4 e3 45.Rxf4+ Ke5 46.Rf3 Rh4+ 47.Kc3 
Re4 48.Nc6+ Kd5 49.cxd6 e2 50.Nb4+ Rxb4 51.Re3 Rxb5 52.d7 Rb8 53.Rxe2 Rd8 
54.Rd2+ Kc5 55.Rd4 Kc6 56.Kc4 Kb6 57.Rd6+ Kc7 58.Kc5 Rg8 59.d8=Q+ Rxd8 60.
Rxd8 Kxd8 61.Kd6 Ke8 62.Ke6 Kf8 63.Kf6 Kg8 64.Kg6 Kh8 65.g4 Kg8 66.g5 1-0

[Event "zonal 3.3 (women)"]
[Site "Beijing CHN"]
[Date "2005.10.23"]
[Round "5"]
[White "Qin Kanying"]
[Black "Ruan Lufei"]
[Result "1/2-1/2"]
[WhiteElo "2472"]
[BlackElo "2345"]
[EventDate "2005.10.20"]
[PlyCount "43"]

1.c4 e5 2.g3 Nf6 3.Bg2 d5 4.cxd5 Nxd5 5.Nc3 Nb6 6.Nf3 Nc6 7.O-O Be7 8.a3 
O-O 9.b4 Be6 10.Rb1 f6 11.d3 a5 12.b5 Nd4 13.Nd2 Qc8 14.e3 Nf5 15.Qc2 Rd8 
16.Bb2 a4 17.Rfd1 Nd6 18.Ba1 Nf7 19.Bb2 Nd6 20.Ba1 Nf7 21.Bb2 Nd6 22.Ba1 
1/2-1/2

[Event "zonal 3.3 (women)"]
[Site "Beijing CHN"]
[Date "2005.10.23"]
[Round "5"]
[White "Shen Yang"]
[Black "Zhao Xue"]
[Result "0-1"]
[WhiteElo "2326"]
[BlackElo "2478"]
[EventDate "2005.10.20"]
[PlyCount "128"]

1.e4 e5 2.Nf3 Nc6 3.Bb5 a6 4.Ba4 Nf6 5.O-O Be7 6.Re1 b5 7.Bb3 d6 8.c3 O-O 
9.h3 Na5 10.Bc2 c5 11.d4 Qc7 12.Nbd2 cxd4 13.cxd4 Nc6 14.d5 Nb4 15.Bb1 a5 
16.a3 Na6 17.b4 Bd7 18.Qb3 Nh5 19.Nf1 g6 20.Ra2 Rfc8 21.Bd2 Nf4 22.Ne3 Qa7
23.Ng4 Re8 24.Qb2 Nh5 25.Bd3 Nf6 26.Nfh2 Rec8 27.Raa1 h5 28.Nh6+ Kg7 29.g4
hxg4 30.hxg4 Nh7 31.Nf3 f6 32.Be3 Qc7 33.Qd2 axb4 34.axb4 Qc3 35.Qe2 Nxb4 
36.Rxa8 Rxa8 37.Bxb5 Ra2 38.Qf1 Nc2 39.Rc1 Nxe3 40.Rxc3 Nxf1 41.Bxd7 Nd2 
42.Nxd2 Rxd2 43.Ng8 Kxg8 44.Be6+ Kg7 45.Rc7 Ng5 46.Rxe7+ Kh6 47.Re8 Nh3+ 
48.Kg2 Nxf2 49.Kf3 Nd1 50.Rg8 Nc3 51.Bf7 Rd3+ 52.Kg2 Nxe4 53.Rxg6+ Kh7 54.
Kf1 Rb3 55.g5 Nxg5 56.Rxf6 Kg7 57.Rg6+ Kxf7 58.Rxg5 Rd3 59.Ke2 Rxd5 60.Ke3
Ra5 61.Ke4 Ra4+ 62.Kd5 Rd4+ 63.Kc6 Kf6 64.Rg1 e4 0-1

[Event "zonal 3.3 (women)"]
[Site "Beijing CHN"]
[Date "2005.10.23"]
[Round "6"]
[White "Huang Qian"]
[Black "Shen Yang"]
[Result "1/2-1/2"]
[WhiteElo "2398"]
[BlackElo "2326"]
[EventDate "2005.10.20"]
[PlyCount "48"]

1.d4 d5 2.Nf3 Nf6 3.c4 c6 4.Nc3 dxc4 5.a4 Bf5 6.Ne5 Nbd7 7.Nxc4 Nb6 8.Ne5 
a5 9.g3 e6 10.Bg2 Bb4 11.O-O O-O 12.e3 h6 13.Qe2 Bh7 14.Rd1 Nfd7 15.Nxd7 
Nxd7 16.e4 Qe7 17.Be3 Rfd8 18.Rac1 Nf6 19.Bf4 g5 20.Be3 Bxc3 21.bxc3 Bxe4 
22.Bxg5 hxg5 23.Bxe4 Nxe4 24.Qxe4 Rd5 1/2-1/2

[Event "zonal 3.3 (women)"]
[Site "Beijing CHN"]
[Date "2005.10.23"]
[Round "6"]
[White "Li Ruofan"]
[Black "Gong Qianyun"]
[Result "1/2-1/2"]
[WhiteElo "2398"]
[BlackElo "2374"]
[EventDate "2005.10.20"]
[PlyCount "149"]

1.d4 d5 2.c4 c6 3.Nc3 Nf6 4.e3 a6 5.Qc2 e6 6.Nf3 c5 7.dxc5 Bxc5 8.a3 Nbd7 
9.b4 Ba7 10.cxd5 exd5 11.Bb2 Qe7 12.Rd1 Nb6 13.Na4 Nxa4 14.Qxa4+ Bd7 15.
Qb3 O-O 16.Be2 Be6 17.Bd4 Rfc8 18.O-O Ne4 19.Bxa7 Nc3 20.Bc5 Nxe2+ 21.Kh1 
Qf6 22.Qd3 Nc3 23.Bd4 Bf5 24.Bxf6 Bxd3 25.Rxd3 gxf6 26.g3 b5 27.Kg2 Ra7 
28.Rc1 Rac7 29.Nd2 Kg7 30.h4 f5 31.Nb3 Rc4 32.Nd2 R4c6 33.Kf3 Kf6 34.Kg2 
Kg7 35.Kf3 R6c7 36.Nb3 Rc4 37.Na5 R4c7 38.Kg2 Kf6 39.f3 Kg7 40.Nb3 Rc4 41.
Nd2 R4c6 42.Rd4 Ne2 43.Rxc6 Rxc6 44.Rxd5 Rc2 45.Kf2 Nc3 46.Rd3 Nd1+ 47.Ke1
Nb2 48.Rd6 Rc1+ 49.Ke2 Rc2 50.Ke1 Rc1+ 51.Ke2 Rc2 52.Ke1 Rc1+ 53.Kf2 Rc2 
54.Kg1 Rc1+ 55.Kh2 Rc2 56.Kh3 Rc3 57.Rxa6 Rxe3 58.Rb6 Rxa3 59.Rxb5 Rd3 60.
Nf1 Rxf3 61.Kg2 Rb3 62.Nd2 Rd3 63.Nf3 Nd1 64.h5 Ne3+ 65.Kh3 Kh6 66.Nh4 Kg5
67.Nf3+ Kf6 68.Rb6+ Ke7 69.Rb7+ Ke8 70.Rb8+ Ke7 71.Rb7+ Ke8 72.Rb8+ Ke7 
73.Rb7+ Ke8 74.Rb8+ Ke7 75.Rb7+ 1/2-1/2

[Event "zonal 3.3 (women)"]
[Site "Beijing CHN"]
[Date "2005.10.23"]
[Round "6"]
[White "Wang Yu"]
[Black "Qin Kanying"]
[Result "0-1"]
[WhiteElo "2109"]
[BlackElo "2472"]
[EventDate "2005.10.20"]
[PlyCount "96"]

1.e4 Nf6 2.Nc3 e5 3.Nf3 Nc6 4.d4 exd4 5.Nxd4 Bb4 6.Nxc6 bxc6 7.Bd3 d5 8.
exd5 cxd5 9.O-O O-O 10.Bg5 c6 11.Qf3 Be7 12.Rae1 Re8 13.h3 h6 14.Bh4 Rb8 
15.b3 Rb4 16.Bg3 Be6 17.Bf5 Bxf5 18.Qxf5 Bf8 19.Be5 Re6 20.a3 Rb7 21.Bd4 
Rbe7 22.Re3 Qe8 23.Rg3 Kh8 24.Na4 Re1 25.Re3 R1xe3 26.fxe3 Ne4 27.Rf4 Kg8 
28.Rg4 Re6 29.b4 g6 30.Nc5 Nxc5 31.bxc5 Bg7 32.Qf4 h5 33.Rg3 Be5 34.Qh6 
Rf6 35.c3 Rf5 36.Rf3 Qe6 37.Kf2 Qf6 38.Ke2 a5 39.a4 Rxf3 40.gxf3 Qf5 41.f4
Bxd4 42.cxd4 Qxh3 43.Qg5 Qg4+ 44.Qxg4 hxg4 45.Kf2 f5 46.Kg3 Kg7 47.Kh4 Kh6
48.Kg3 Kh5 0-1

[Event "zonal 3.3 (women)"]
[Site "Beijing CHN"]
[Date "2005.10.23"]
[Round "6"]
[White "Xu Yuanyuan"]
[Black "Ruan Lufei"]
[Result "1/2-1/2"]
[WhiteElo "2420"]
[BlackElo "2345"]
[EventDate "2005.10.20"]
[PlyCount "171"]

1.d4 d5 2.c4 c6 3.Nf3 Nf6 4.Nc3 dxc4 5.a4 Bf5 6.e3 e6 7.Bxc4 Bb4 8.O-O 
Nbd7 9.Nh4 Bg6 10.h3 Bh5 11.Qb3 a5 12.Na2 Be7 13.f4 Ne4 14.Nf3 Ng3 15.Rf2 
Ne4 16.Rf1 Ng3 17.Rd1 Qb6 18.Nc3 Bg6 19.Bd2 Qxb3 20.Bxb3 Ne4 21.Be1 Nd6 
22.Nh4 Bxh4 23.Bxh4 Ra6 24.Ne2 Nb6 25.Bf2 Nd5 26.g4 Rb6 27.Ra3 Kd7 28.Ng3 
Rxb3 29.Rxb3 Bc2 30.Rbd3 Rb8 31.R3d2 Bxd1 32.Rxd1 Nc4 33.Ne4 Nxb2 34.Nc5+ 
Kc8 35.Rb1 Nc4 36.f5 exf5 37.gxf5 b6 38.Nd3 Ncxe3 39.Ne5 Nxf5 40.Nxc6 Rb7 
41.Rb5 Nfe7 42.Ne5 Nc3 43.Rb3 Ned5 44.Nc4 Kd8 45.Be1 Nxa4 46.Ra3 b5 47.Nd6
Rb8 48.Nxf7+ Ke7 49.Ne5 Rc8 50.Bxa5 Rc1+ 51.Kf2 Ke6 52.Rb3 Rc2+ 53.Kf3 Rb2
54.Ra3 Rb1 55.Nd3 Kf5 56.Bd2 Ndb6 57.Ne5 Rh1 58.Ke2 Ke4 59.Nf3 Nc4 60.Rb3 
Nxd2 61.Kxd2 Nb6 62.Ng5+ Kxd4 63.Rxb5 Nc4+ 64.Ke2 h6 65.Nf3+ Kc3 66.h4 Rc1
67.Kf2 Rc2+ 68.Kg3 Re2 69.Rb7 Nd6 70.Rd7 Re6 71.Kh3 g6 72.Ne5 Nf5 73.Rd5 
Ne7 74.Rd3+ Kc2 75.Re3 Nd5 76.Re1 Rf6 77.Ng4 Rf3+ 78.Kg2 Rc3 79.Re4 h5 80.
Ne5 Ne3+ 81.Kg1 Nf5 82.Kf2 Ne7 83.Re2+ Kb3 84.Re3 Rxe3 85.Kxe3 Nf5+ 86.Kf4
1/2-1/2

[Event "zonal 3.3 (women)"]
[Site "Beijing CHN"]
[Date "2005.10.24"]
[Round "7"]
[White "Gong Qianyun"]
[Black "Xu Yuanyuan"]
[Result "1-0"]
[WhiteElo "2374"]
[BlackElo "2420"]
[EventDate "2005.10.20"]
[PlyCount "73"]

1.e4 c6 2.d4 d5 3.f3 e6 4.Nc3 b5 5.Bf4 Nf6 6.Bd3 dxe4 7.fxe4 Qxd4 8.Nxb5 
Qxb2 9.Nc7+ Kd8 10.Nxa8 Bb4+ 11.Kf1 e5 12.Rb1 Qc3 13.Rb3 Qc5 14.Be3 Qe7 
15.h3 Be6 16.Bc4+ Nbd7 17.Qd3 Nh5 18.Ne2 Rf8 19.Kg1 Nf4 20.Nxf4 exf4 21.
Bf2 f3 22.g3 Bd6 23.Rb7 f5 24.e5 Bxe5 25.Bxe6 Qxe6 26.Rxa7 Bd6 27.Nb6 Ne5 
28.Qb3 Qh6 29.Qe3 f4 30.Qd2 Qg6 31.g4 Nxg4 32.Rxg7 Qxg7 33.Qxd6+ Ke8 34.
Qe6+ Kd8 35.hxg4 Kc7 36.Nc4 Rf6 37.Rxh7 1-0

[Event "zonal 3.3 (women)"]
[Site "Beijing CHN"]
[Date "2005.10.24"]
[Round "7"]
[White "Qin Kanying"]
[Black "Zhao Xue"]
[Result "0-1"]
[WhiteElo "2472"]
[BlackElo "2478"]
[EventDate "2005.10.20"]
[PlyCount "98"]

1.e4 e5 2.Nf3 Nc6 3.Nc3 Nf6 4.Bb5 Bd6 5.O-O O-O 6.d3 a6 7.Ba4 h6 8.Bxc6 
dxc6 9.Ne2 Re8 10.Ng3 c5 11.a4 Be6 12.b3 Nd7 13.Bb2 b6 14.Bc3 b5 15.axb5 
axb5 16.Rxa8 Qxa8 17.Qa1 Qb7 18.Qb2 Kh7 19.Bxe5 Nxe5 20.Nxe5 f6 21.Nf3 Bg4
22.Nh4 Be5 23.Qc1 c4 24.Nhf5 Qa7 25.h3 Bxf5 26.Nxf5 Rd8 27.dxc4 bxc4 28.
Rd1 Qa3 29.bxc4 Qxc1 30.Rxc1 Rd2 31.Kf1 g6 32.Ne3 Bf4 33.Nd5 Rxd5 34.cxd5 
Bxc1 35.Ke2 Kg7 36.Kd3 Kf7 37.Kc4 Ke7 38.Kc5 Kd7 39.c4 Ba3+ 40.Kb5 Kd6 41.
f4 c6+ 42.dxc6 Kc7 43.g4 Bd6 44.e5 fxe5 45.c5 Bxc5 46.fxe5 Be7 47.e6 g5 
48.Kc4 Kd6 49.Kd4 Kxe6 0-1

[Event "zonal 3.3 (women)"]
[Site "Beijing CHN"]
[Date "2005.10.24"]
[Round "7"]
[White "Ruan Lufei"]
[Black "Wang Yu"]
[Result "1-0"]
[WhiteElo "2345"]
[BlackElo "2109"]
[EventDate "2005.10.20"]
[PlyCount "59"]

1.e4 e5 2.Nf3 Nc6 3.d4 exd4 4.Nxd4 Nf6 5.Nxc6 bxc6 6.e5 Qe7 7.Qe2 Nd5 8.c4
Ba6 9.b3 Qh4 10.a3 Bc5 11.g3 Bxf2+ 12.Qxf2 Qe4+ 13.Kd1 Qxh1 14.Nd2 Nc3+ 
15.Kc2 Ne4 16.Nxe4 Qxe4+ 17.Bd3 Qg4 18.Bf5 Qh5 19.h4 f6 20.exf6 gxf6 21.
Bb2 O-O 22.g4 Qf7 23.Rg1 Rab8 24.Qf4 Rfe8 25.Rg2 d5 26.g5 dxc4 27.gxf6+ 
Kh8 28.b4 c3 29.Bxc3 c5 30.Bg6 1-0

[Event "zonal 3.3 (women)"]
[Site "Beijing CHN"]
[Date "2005.10.24"]
[Round "8"]
[White "Gong Qianyun"]
[Black "Shen Yang"]
[Result "1/2-1/2"]
[WhiteElo "2374"]
[BlackElo "2326"]
[EventDate "2005.10.20"]
[PlyCount "90"]

1.e4 e5 2.Nf3 Nc6 3.Bc4 Bc5 4.c3 Nf6 5.d3 d6 6.h3 Bb6 7.a4 a6 8.Nbd2 Ne7 
9.a5 Ba7 10.O-O O-O 11.Re1 h6 12.Bb3 Ng6 13.Nf1 Nh5 14.d4 Nhf4 15.Bxf4 
exf4 16.Qd3 Qf6 17.Bc2 Rd8 18.e5 dxe5 19.Nxe5 Nf8 20.Nd2 Be6 21.Ne4 Qh4 
22.Qe2 Re8 23.b4 Bd5 24.Qd2 Be6 25.Nf3 Qh5 26.Qxf4 Ng6 27.Qg3 Kh8 28.Nc5 
Bd5 29.Bxg6 fxg6 30.Ne5 Kh7 31.Ncd3 Qf5 32.Nf4 Bf7 33.Nxf7 Qxf7 34.Nd3 b6 
35.Ne5 Qf5 36.Re3 bxa5 37.Rxa5 Qb1+ 38.Kh2 Bb6 39.Rd5 a5 40.bxa5 Bxa5 41.
Rd7 Rf8 42.Nc4 Bxc3 43.Rxc3 Ra1 44.Qe5 Qg1+ 45.Kg3 Qxf2+ 1/2-1/2

[Event "zonal 3.3 (women)"]
[Site "Beijing CHN"]
[Date "2005.10.24"]
[Round "8"]
[White "Zhao Xue"]
[Black "Ruan Lufei"]
[Result "0-1"]
[WhiteElo "2478"]
[BlackElo "2345"]
[EventDate "2005.10.20"]
[PlyCount "124"]

1.d4 d5 2.c4 c6 3.Nc3 Nf6 4.Nf3 dxc4 5.a4 Bf5 6.Ne5 Nbd7 7.Nxc4 Nb6 8.Ne5 
a5 9.Bg5 h6 10.Bh4 e6 11.e4 Bh7 12.f3 Be7 13.Bf2 O-O 14.Be2 Nfd7 15.Nd3 
Rc8 16.O-O c5 17.dxc5 Nxc5 18.Nxc5 Bxc5 19.Bxc5 Rxc5 20.Qxd8 Rxd8 21.Rfd1 
Rxd1+ 22.Rxd1 Kf8 23.Rd6 Rc6 24.Rd8+ Ke7 25.Rb8 Rc7 26.Kf2 f6 27.Ke3 Bg6 
28.Nb5 Rd7 29.Nd4 Kd6 30.Bb5 Re7 31.Nb3 Kc7 32.Rg8 Nc8 33.Nc5 e5 34.Bc4 
Nb6 35.Bb3 Kd6 36.Nd3 Be8 37.g3 Bxa4 38.Bxa4 Nxa4 39.b4 axb4 40.Nxb4 Nb6 
41.Kd3 Kc5 42.Kc3 Rc7 43.Rd8 Kb5+ 44.Kb3 Rd7 45.Rg8 Nc4 46.Nd5 Nd2+ 47.Kc3
Nxf3 48.h4 Nd4 49.Kd3 Nf5 50.Ke2 Nxg3+ 51.Kf3 Nh5 52.Kg4 Nf4 53.Nxf4 exf4 
54.Kxf4 Rc7 55.Kf5 Kc4 56.Kg6 b5 57.h5 b4 58.Rxg7 Rxg7+ 59.Kxg7 b3 60.Kxh6
b2 61.Kg7 b1=Q 62.h6 Qxe4 0-1

[Event "zonal 3.3 (women)"]
[Site "Beijing CHN"]
[Date "2005.10.25"]
[Round "9"]
[White "Qin Kanying"]
[Black "Li Ruofan"]
[Result "1-0"]
[WhiteElo "2472"]
[BlackElo "2398"]
[EventDate "2005.10.20"]
[PlyCount "74"]

1.e4 e5 2.Nf3 Nc6 3.Bb5 a6 4.Ba4 Nf6 5.Qe2 Be7 6.c3 b5 7.Bb3 O-O 8.d4 d6 
9.O-O Bg4 10.Rd1 exd4 11.cxd4 d5 12.e5 Ne4 13.a4 b4 14.a5 Kh8 15.h3 Bh5 
16.Be3 f6 17.g4 Bg6 18.Rc1 Be8 19.exf6 Bxf6 20.Nbd2 Na7 21.Rd1 Bb5 22.Qe1 
Nc6 23.Kg2 Ng5 24.Nxg5 Bxg5 25.Nf3 Bf4 26.Rd2 Ne7 27.Bc2 Qd6 28.Ne5 Ng8 
29.Bxf4 Rxf4 30.Qe3 Raf8 31.Bf5 g5 32.h4 Qh6 33.Rc1 c6 34.hxg5 Qxg5 35.Bb1
Nf6 36.Rh1 Kg8 37.f3 Nxg4 1-0

[Event "zonal 3.3 (women)"]
[Site "Beijing CHN"]
[Date "2005.10.25"]
[Round "9"]
[White "Ruan Lufei"]
[Black "Huang Qian"]
[Result "1-0"]
[WhiteElo "2345"]
[BlackElo "2398"]
[EventDate "2005.10.20"]
[PlyCount "109"]

1.e4 c5 2.Nf3 d6 3.d4 cxd4 4.Nxd4 Nf6 5.Nc3 a6 6.Be2 e5 7.Nb3 Be7 8.O-O 
O-O 9.Kh1 Nc6 10.f4 b5 11.Be3 exf4 12.Rxf4 Be6 13.a4 bxa4 14.Nd4 Ne5 15.
Rxa4 Bc8 16.Nf5 Bb7 17.Rf1 Ne8 18.Nd5 Bg5 19.Bxg5 Qxg5 20.Ra3 Qd8 21.Rh3 
Bxd5 22.Qxd5 Ra7 23.Rd1 Rd7 24.Qd4 g6 25.Nh6+ Kg7 26.Ng4 f6 27.Qe3 Nf7 28.
Bxa6 h5 29.Nf2 Nc7 30.Bc4 d5 31.exd5 Nxd5 32.Rxd5 Rxd5 33.Bxd5 Qxd5 34.Qe1
Rc8 35.Rc3 Rb8 36.Nd3 Rb6 37.Rc5 Qd7 38.h3 Qd6 39.Rc8 Rc6 40.Rxc6 Qxc6 41.
Qf2 g5 42.b4 h4 43.Qc5 Qe4 44.b5 g4 45.Qb4 Qxb4 46.Nxb4 gxh3 47.gxh3 Nd6 
48.b6 Kf7 49.c4 Nb7 50.Kg2 Ke6 51.Nd3 Kd6 52.Kf3 Kc6 53.c5 Kd5 54.Kg4 Nd8 
55.Kf5 1-0

[Event "zonal 3.3 (women)"]
[Site "Beijing CHN"]
[Date "2005.10.25"]
[Round "9"]
[White "Shen Yang"]
[Black "Xu Yuanyuan"]
[Result "1-0"]
[WhiteElo "2326"]
[BlackElo "2420"]
[EventDate "2005.10.20"]
[PlyCount "85"]

1.e4 c6 2.d4 d5 3.e5 Bf5 4.Nf3 e6 5.Be2 Ne7 6.O-O c5 7.dxc5 Nec6 8.Be3 Nd7
9.c4 dxc4 10.Na3 Bxc5 11.Nxc4 O-O 12.Qc1 Be7 13.a3 Na5 14.Nxa5 Qxa5 15.b4 
Qd8 16.Rd1 Rc8 17.Qd2 Nb6 18.Nd4 Be4 19.Nb5 Nd5 20.Nxa7 Rc2 21.Qe1 Bg5 22.
Bc5 Be7 23.Bxe7 Qxe7 24.Bf1 Bxg2 25.Bxg2 Nf4 26.Qe4 Qg5 27.h4 Qg4 28.Rd4 
g5 29.hxg5 Nh3+ 30.Kh2 Qxe4 31.Bxe4 Nxg5 32.Bxc2 Nf3+ 33.Kg2 Nxd4 34.Be4 
f6 35.exf6 Rxf6 36.Rc1 Rf7 37.Rd1 Ne2 38.Nb5 Nf4+ 39.Kf1 Nh3 40.f3 Ng5 41.
Rd8+ Kg7 42.Nd6 Rc7 43.Ne8+ 1-0

[Event "zonal 3.3 (women)"]
[Site "Beijing CHN"]
[Date "2005.10.25"]
[Round "9"]
[White "Wang Yu"]
[Black "Zhao Xue"]
[Result "1/2-1/2"]
[WhiteElo "2109"]
[BlackElo "2478"]
[EventDate "2005.10.20"]
[PlyCount "117"]

1.e4 e5 2.Nf3 Nc6 3.d4 exd4 4.Nxd4 Bc5 5.Be3 Qf6 6.c3 Nge7 7.Bc4 Ne5 8.Be2
Qg6 9.O-O d6 10.f3 O-O 11.Nd2 d5 12.Kh1 dxe4 13.fxe4 Bg4 14.Bf4 Bd6 15.
Bxg4 Nxg4 16.Nf5 Rfe8 17.Nxd6 cxd6 18.Nc4 Nc8 19.e5 dxe5 20.Nxe5 Nxe5 21.
Bxe5 Ne7 22.Qf3 Nc6 23.Bf4 Re4 24.Rf2 Rae8 25.Raf1 Qe6 26.b3 f6 27.h3 a5 
28.Qg3 Ne7 29.Bc7 Nd5 30.Bxa5 Ne3 31.Re1 b6 32.Bb4 Nf5 33.Qf3 g6 34.c4 Rd8
35.Rd1 Re8 36.Qd3 Rd4 37.Qb1 Ng3+ 38.Kg1 Ne2+ 39.Kh1 Qe5 40.Rxd4 Ng3+ 41.
Kg1 Qxd4 42.Be1 Ne4 43.Qc1 Rd8 44.Qh6 Nxf2 45.Bxf2 Qd1+ 46.Kh2 Qd6+ 47.Bg3
Qd2 48.Qh4 Qd4 49.Qxd4 Rxd4 50.Bc7 Rd2 51.a4 Rb2 52.Bxb6 Rxb3 53.a5 Kf7 
54.c5 Ke6 55.c6 h5 56.Bd4 f5 57.a6 Ra3 58.a7 Kd6 59.h4 1/2-1/2